| 000 | 00612nam a2200193 a 4500 | ||
|---|---|---|---|
| 001 | 000031312 | ||
| 005 | 20200930062837.0 | ||
| 008 | 110617s2003 dr a 001 0 spa d | ||
| 040 |
_aDO-SdBNP _bspa _cBNPHU |
||
| 082 |
_a294.3 _bS573s |
||
| 245 | 0 | 0 |
_aSiete sutras del Mahayana / _ctraducción y redacción Renate Roos. |
| 260 |
_aSanto Domingo : _bTemplo Chang Ming Tang, _c2003. |
||
| 300 |
_a84 p. : _bil. ; _c22 cm. |
||
| 590 | _aInventariado, 2018/VM | ||
| 650 | 4 |
_aBudismo _93429 |
|
| 650 | 4 |
_aPreceptos budistas _957763 |
|
| 700 | 1 |
_aRoos, Renate _etr. _921337 |
|
| 910 | _aValidado. Control de calidad EMS. | ||
| 999 |
_c30804 _d30804 |
||